Secondary school examinations: (Record no. 6495)

MARC details
000 -LEADER
fixed length control field 00667nam a22002177a 4500
003 - CONTROL NUMBER IDENTIFIER
control field OSt
005 - DATE AND TIME OF LATEST TRANSACTION
control field 20200128121555.0
008 - FIXED-LENGTH DATA ELEMENTS--GENERAL INFORMATION
fixed length control field 200128b ||||| |||| 00| 0 eng d
020 ## - INTERNATIONAL STANDARD BOOK NUMBER
International Standard Book Number 03000539332
040 ## - CATALOGING SOURCE
Transcribing agency 040a
082 ## - DEWEY DECIMAL CLASSIFICATION NUMBER
Classification number 373
Item number ECK 1993
100 ## - MAIN ENTRY--PERSONAL NAME
Relator code Eckstein, Max A.
245 ## - TITLE STATEMENT
Title Secondary school examinations:
Remainder of title International perspectives on policies and practice /
Statement of responsibility, etc. Max A. Eckstein, Harold J. Noah
260 ## - PUBLICATION, DISTRIBUTION, ETC. (IMPRINT)
Place of publication, distribution, etc. New Haven
Name of publisher, distributor, etc. Yale university press
Date of publication, distribution, etc. 1993
300 ## - PHYSICAL DESCRIPTION
Extent xi, 283p;
Dimensions 15 cm.
504 ## - BIBLIOGRAPHY, ETC. NOTE
Bibliography, etc Includes bibliographical references
650 ## - SUBJECT ADDED ENTRY--TOPICAL TERM
Source of heading or term Examinations
650 ## - SUBJECT ADDED ENTRY--TOPICAL TERM
Source of heading or term Secondary Schol
700 ## - ADDED ENTRY--PERSONAL NAME
Personal name Noah, Harold J
9 (RLIN) 13355
942 ## - ADDED ENTRY ELEMENTS (KOHA)
Source of classification or shelving scheme Dewey Decimal Classification
Koha item type Open Shelf
Holdings
Withdrawn status Lost status Source of classification or shelving scheme Damaged status Not for loan Home library Current library Date acquired Source of acquisition Inventory number Total Checkouts Full call number Barcode Date last seen Price effective from Koha item type
    Dewey Decimal Classification     MUST Main Library MUST Main Library 28/01/2020 Donation 2011/33996   373 ECK 1993 2020-0163 28/01/2020 28/01/2020 Open Shelf